Hegemonia revolucao passiva e globalizacao (Registro nro. 305588)

Detalles MARC
000 -ENCABEZADO
Número de control [NR] 00914 a2200241 4500
005 - FECHA Y HORA DE LA ÚLTIMA TRANSACCIÓN
control field 20161207080536.0
008 - DE LONGITUD FIJA DE DATOS DE ELEMENTOS - INFORMACIÓN GENERAL
Elementos de longitud fija [NR] 161206s2013 bl d|||| |||| 00| 0 por u
020 ## - NUMERO INTERNACIONAL NORMALIZADO PARA LIBROS [R]
Número Internacional Normalizado del libro [NR] 9788582290194
040 ## - FUENTE DE CATALOGACION [NR]
Agencia de catalogación original [NR] CO-BoUCM
Idioma de catalogación [NR] spa
Quien Cataloga David Avila
Quien Clasifica David Avila
041 0# - CODIGO DE IDIOMA [R]
Código de idioma para texto/pista de sonido o título separado [R] Portugués
100 ## - ASIENTO PRINCIPAL--NOMBRE PERSONAL [NR]
Nombre personal [NR] Ramos, Leonardo César Souza
ID Autoridad 82699
245 ## - MENCION DE TITULO [NR]
Título [NR] Hegemonia revolucao passiva e globalizacao
Parte restante del título [NR] o Sistema G7 8
Mención de responsabilidad, etc. [NR] Leonardo César Souza Ramos
260 ## - PUBLICACION, DISTRIBUCION, ETC. (PIE DE IMPRENTA) [R]
Lugar de publicación, distribución, etc. [R] Bello Horizonte (Minas Gerais, Brasil)
Nombre del editor, distribuidor, etc. [R] Editora Puc Minas
Fecha de publicación, distribución, etc. [R] c2013
300 ## - DESCRIPCION FISICA [R]
Extensión [R] 384 páginas
Otros detalles físicos [NR] gráficos
504 ## - NOTA DE BIBLIOGRAFIA, ETC. [R]
Nota de bibliografía, etc. [NR] Incluye referencias bibliográficas
610 24 - ASIENTO SECUNDARIO DE MATERIA - NOMBRE CORPORATIVO [R]
Nombre corporativo o nombre de la jurisdicción como elemento de entrada [NR] Grupo de los 7 (Organización)
9 (RLIN) 82700
610 24 - ASIENTO SECUNDARIO DE MATERIA - NOMBRE CORPORATIVO [R]
Nombre corporativo o nombre de la jurisdicción como elemento de entrada [NR] Grupo de los 8 (Organización)
9 (RLIN) 82701
650 04 - ASIENTO SECUNDARIO DE MATERIA - TERMINO TEMATICO [R]
Término temático o nombre geográfico como elemento de entrada [NR] Gloablización
9 (RLIN) 82702
650 04 - ASIENTO SECUNDARIO DE MATERIA - TERMINO TEMATICO [R]
Término temático o nombre geográfico como elemento de entrada [NR] Relaciones económicas exteriores
9 (RLIN) 23445
690 #0 - ASUNTO AGREGADO LOCAL DE ENTRADA - TÉRMINO TEMÁTICO (OCLC, RLIN)
Acceso temático local Economía internacional
9 (RLIN) 7543
942 ## - ELEMENTOS DE ENTRADA AGREGADOS (KOHA)
Tipo de ítem principal el descrito en 300a Libro
Sistema de clasificación DEWEY
Tema principal Economía
Edición 1
Clasificación 332.153
Parte restante de la signatura top. R147h
Existencias
Total préstamos Signatura topográfica Código de barras Última vez visto Ejemplar Costo de reposición Price effective from Tipo de ítem Perdido Sistema de clasificación Dañado No prestable Tipo de ítem específico Suprimido Ubicación habitual Ubicación actual Localización Fecha de creación Proveedor Forma de adquisición Costo
  332.153 R147h 100151751 04/12/2025 Ej.1 26000.00 25/11/2016 Libro   DEWEY     Libro   Claustro Claustro Mezanine 25/11/2016 12 Donación 0.00